000
00317nam a2200133Ia 4500
008
191201s2013 xx 000 0 und d
100
_a
FOROUZAN, Behrouz A
245
0
_a
Data Communications and Networking
250
_a
Rep
260
_c
2013
_b
TMH
_a
N. delhi
300
_a
1226
650
_a
CSE
942
_2
ddc
_c
BB
_0
1
999
_c
7624
_d
7624